Manual de métodos para el desarrollo de inventarios de biodiversidad (Registro nro. 4159)

Detalles MARC
000 -CABECERA
Campo de control 00828nam a2200265 a 4500
005 - FECHA Y HORA DE LA ULTIMA TRANSACCION
Campo de control 20170629020001.0
008 - ELEMENTOS DE LONGITUD FIJA—INFORMACION GENERAL
Campo de control 140122b2004 ck ||||| |||| 00| 0 spa d
041 ## - IDIOMA
Código de idioma para texto/pista de sonido o título separado Español
044 ## - PAÍS DE PUBLICACIÓN
País de publicación Colombia
090 ## - CLASIFICACIÓN LOCAL
Colección IAVH
Consecutivo 00288
100 ## - ASIENTO PRINCIPAL--NOMBRE PERSONAL
Nombre personal Villarreal, Hector
245 ## - MENCION DE TITULO
Título Manual de métodos para el desarrollo de inventarios de biodiversidad
260 ## - PUBLICACION, DISTRIBUCION, ETC. (PIE DE IMPRENTA)
Lugar de publicación, distribución, etc. Bogotá
Nombre del editor, distribuidor, etc. Instituto de Investigación de Recursos Biológicos Alexander von Humboldt
Fecha de publicación, distribución, etc. 2004
300 ## - DESCRIPCION FISICA
Extensión 235 p.
700 ## - ASIENTO SECUNDARIO - NOMBRE PERSONAL
Nombre personal Álvarez, Mauricio
700 ## - ASIENTO SECUNDARIO - NOMBRE PERSONAL
Nombre personal Córdoba, Sergio
700 ## - ASIENTO SECUNDARIO - NOMBRE PERSONAL
Nombre personal Escobar, Federico
700 ## - ASIENTO SECUNDARIO - NOMBRE PERSONAL
Nombre personal Fagua, Giovanny
700 ## - ASIENTO SECUNDARIO - NOMBRE PERSONAL
Nombre personal Gast, Fernando
700 ## - ASIENTO SECUNDARIO - NOMBRE PERSONAL
Nombre personal Mendoza , Humberto
700 ## - ASIENTO SECUNDARIO - NOMBRE PERSONAL
Nombre personal Ospina, Mónica
700 ## - ASIENTO SECUNDARIO - NOMBRE PERSONAL
Nombre personal Umaña, Ana María
942 ## - ELEMENTOS ADICIONALES (KOHA)
Tipo de ítem CD-ROM
Koha issues (borrowed), all copies 8
Sistema de clasificación Local
945 ## - PROCESAMIENTO LOCAL
AAAA-MM-DD - Fecha de ingreso o modificacion 2004-09-28
Existencias
Withdrawn status Lost status Sistema de Clasificación Damaged status No para préstamo Colección Inventariado Ubicación Permanente Ubicación actual Fecha de adquisición Fuente de Valor Valor Total Checkouts Número topográfico Inventario / Código de Barras Date last seen Ejemplar Price effective from Forma de adquisición Tipo de material Total Renewals Date checked out Fecha publicación (Año)
    Dewey Decimal Classification     Humboldt Inventariado 2017 Bogotá Bogotá 28/09/2004 Instituto 30000.00 5 IAVH-333.95 V71m 016722 28/06/2017 Ej. 1 04/12/2012 Institucional Libro   28/06/2017  
    Dewey Decimal Classification     Humboldt Inventariado 2017 Bogotá Bogotá 28/09/2004 Instituto 30000.00 2 IAVH-333.95 V71m 016723 13/06/2016 Ej. 2 04/12/2012 Institucional Libro   16/05/2016  
    Dewey Decimal Classification     Humboldt Inventariado 2017 Bogotá Bogotá 28/09/2004 Instituto 30000.00   IAVH-333.95 V71m 016724 04/12/2012 Ej. 3 04/12/2012 Institucional Libro      
    Dewey Decimal Classification     Humboldt Inventariado 2017 Bogotá Bogotá 30/09/2013 Instituto 30000.00   IAVH-333.95 V71m 028944 30/09/2013 Ej. 4 30/09/2013 Institucional Libro      
    Dewey Decimal Classification     Humboldt   Bogotá Bogotá 02/01/2020       IAVH-333.95 V71m 043906 02/01/2020 Ej. 5 02/01/2020 Institucional Libro     2004
    Dewey Decimal Classification     Humboldt Inventariado 2017 Sala Fabio Quevedo Sala Fabio Quevedo 18/07/2014 Instituto 30000.00 1 IAVH-333.95 V71m 016720 30/03/2016 Ej. 5 04/12/2012   Libro 1 04/08/2015  
    Dewey Decimal Classification     Humboldt Inventariado 2017 Sala Fabio Quevedo Sala Fabio Quevedo 18/07/2014 Instituto 30000.00   IAVH-333.95 V71m 016721 04/12/2012 Ej. 6 04/12/2012   Libro      
    Local     Humboldt Inventariado 2017 Villa de Leyva Villa de Leyva 28/09/2004 Instituto 30000.00   IAVH-00288 016719 07/10/2013 Ej. 1 04/12/2012 Institucional Libro